| 000 | 01045nam a22002537a 4500 | ||
|---|---|---|---|
| 003 | BD-DhSAU | ||
| 005 | 20220929161903.0 | ||
| 008 | 161006b2015 bg ||||| |||| 00| 0 eng d | ||
| 040 | _aBD-DhSAU | ||
| 082 |
_222 _a581.2 _bR1294 |
||
| 100 |
_aRahman, Md. Mostaqur. _eReg. No. # 09-03692 |
||
| 245 | _aRoot colonization and persistence of Purpureocillium lilacinum in rhizosphere as influenced by some crop species and meloidogyne incognita / Ms Thesis | ||
| 260 |
_aSher e Bangla Agricultural University, _bDepartment of Plant Pathology, _c2015 |
||
| 300 |
_aixi, 86 p. : _bill. ; _c29 cm. |
||
| 590 | _aKamim | ||
| 650 | _aPlant Pathology. | ||
| 650 | _aRoot colonization and persistence | ||
| 650 | _a Purpureocillium lilacinum in rhizosphere as influenced by some crop species | ||
| 650 | _ameloidogyne incognita | ||
| 700 |
_aAminuzzaman, F. M. _eSupervisor |
||
| 700 |
_a Chowdhury, Shukti Rani. _eCo-Supervisor |
||
| 856 |
_uhttp://archive.saulibrary.edu.bd:8080/xmlui/handle/123456789/4321 _yOnline Access |
||
| 942 |
_2ddc _cTHESIS |
||
| 999 |
_c13546 _d13545 |
||